[Event "POL-chT U20 2nd League"]
[Site "Szczyrk"]
[Date "2017.07.23"]
[Round "2.45"]
[White "Klimkowski, Jan"]
[Black "Furgal, Grzegorz"]
[Result "1-0"]
[WhiteElo "1771"]
[BlackElo "1251"]
[PlyCount "53"]
[EventDate "2017.07.22"]
[EventType "team-swiss"]
[EventRounds "11"]
[EventCountry "POL"]
[SourceTitle "EXT 2019"]
[Source "ChessBase"]
[SourceDate "2018.10.10"]
[SourceVersion "1"]
[SourceVersionDate "2018.10.10"]
[SourceQuality "1"]

1. e4 e6 2. d4 d5 3. Nd2 h6 4. Bd3 c5 5. e5 Nc6 6. Ndf3 Nge7 7. c3 Nf5 8. Ne2 Be7 9. 0-0 0-0 10. Ng3 cxd4 11. Nxf5 exf5 12. Nxd4 Nxd4 13. cxd4 Be6 14. Bb1 Rc8 15. Qd3 Bg5 16. f4 Be7 17. g4 g6 18. Qh3 fxg4 19. Qxh6 Qb6 20. Be3 Rfe8 21. Bxg6 fxg6 22. Qxg6+ Kh8 23. f5 Bg8 24. f6 Bf8 25. Rf5 Bh7 26. Rh5 Qc7 27. f7 1-0